| 000 | 00668nam a2200229Ia 4500 | ||
|---|---|---|---|
| 003 | OSt | ||
| 005 | 20230509135736.0 | ||
| 008 | 210423s2012 xx 000 0 und d | ||
| 020 | _a978-0-19-566270-2 | ||
| 040 | _cAL | ||
| 041 | _aeng | ||
| 082 | _a820.9 MUKP | ||
| 100 |
_aMUKHERJEE (Meenakshi) _9100889 |
||
| 245 | _aPerishable empire: essays on Indian writing in english | ||
| 260 |
_aNew Delhi _bOxford University Press _c2012 |
||
| 300 |
_axiii,212p _bPB |
||
| 365 |
_b295 _cINR |
||
| 650 |
_aEnglish Criticism _9100890 |
||
| 650 |
_aEnglish Literature _9100891 |
||
| 906 | _aempire: ; english ; essays ; Indian ; Perishable ; writing | ||
| 942 |
_2ddc _cBK |
||
| 999 |
_c165651 _d165651 |
||